Ideología y tribus urbanas

Saved in:
Bibliografiske detaljer
Hovedforfatter: Cooper Mayr, Doris (Author)
Format: Bog
Sprog:spansk
Udgivet: Santiago Lom 2007
Udgivelse:1a. ed
Serier:Ciencias Humanas
Fag:
Tags: Tilføj Tag
Ingen Tags, Vær først til at tagge denne postø!

MARC

LEADER 00000cam a2200000 a 4500
001 UCI4171
003 CL-VaPUC
008 071228e20070000CL |||||||||||||||||spa|d
020 |a 9789562829298 
082 0 4 |a 305.23  |b COO  |2 21 
100 0 |a Cooper Mayr, Doris  |e author  |9 525905 
245 1 0 |a Ideología y tribus urbanas 
250 |a 1a. ed 
300 |a 525 p 
942 |c BK 
945 |d 20071228 00:00:00  |a rbrito 
260 |a Santiago  |b Lom  |c 2007 
650 7 |a TRIBUS URBANAS  |2 CL-VaPUC  |9 525906 
650 7 |a SUBCULTURAS  |2 CL-VaPUC  |9 342173 
650 7 |a GRUPOS MINORITARIOS  |2 CL-VaPUC  |9 337829 
650 7 |a CONFLICTOS DE INTERESES  |2 CL-VaPUC  |9 380395 
650 7 |a MOVIMIENTOS DE LIBERACION  |2 CL-VaPUC  |9 525907 
650 0 |a Juventud  |9 271073 
583 |a last modification  |c 20130704 02:43:04  |k Rodrigo Vera 
490 0 |a Ciencias Humanas 
999 |c 328153  |d 328151 
952 |0 0  |1 0  |4 0  |6 305_230000000000000_COO_2007  |7 0  |8 A  |9 411937  |a BIBEDU  |b BIBEDU  |d 2019-11-22  |i 4398165  |o 305.23 COO 2007  |p 4398165  |r 2019-11-22  |w 2019-11-22  |y BK  |k PSI 
952 |0 0  |1 0  |4 0  |6 305_230000000000000_COO_2007  |7 0  |8 A  |9 411938  |a BIBCUR  |b BIBCUR  |d 2019-11-22  |i 4408438  |o 305.23 COO 2007  |p 4408438  |r 2025-04-22  |w 2019-11-22  |y BK  |k PER 
952 |0 0  |1 0  |4 0  |6 305_230000000000000_COO_2007  |7 0  |8 A  |9 411939  |a BIBEDU  |b BIBEDU  |d 2019-11-22  |i 442641K  |o 305.23 COO 2007  |p 442641K  |r 2019-11-22  |w 2019-11-22  |y BK  |k PSI 
952 |0 0  |1 0  |4 0  |6 305_230000000000000_COO_2007  |7 0  |8 A  |9 411940  |a BIBGIM  |b BIBGIM  |d 2019-11-22  |i 4988299  |l 3  |m 1  |o 305.23 COO 2007  |p 4988299  |r 2025-01-15  |s 2024-11-15  |w 2019-11-22  |y BK  |k SSL